|
|
|
|
| LEADER |
00000cam a22000004a 4500 |
| 001 |
musev2_82089 |
| 003 |
MdBmJHUP |
| 005 |
20230905052425.0 |
| 006 |
m o d |
| 007 |
cr||||||||nn|n |
| 008 |
001204s2001 wau o 00 0 eng d |
| 010 |
|
|
|z 00068658
|
| 020 |
|
|
|a 9781636820347
|
| 020 |
|
|
|z 9780874222388
|
| 020 |
|
|
|z 0874222389
|
| 020 |
|
|
|z 1636820344
|
| 035 |
|
|
|a (OCoLC)1273305974
|
| 040 |
|
|
|a MdBmJHUP
|c MdBmJHUP
|
| 100 |
1 |
|
|a Rau, Weldon W.
|
| 245 |
1 |
0 |
|a Surviving the Oregon Trail, 1852 :
|b As Told by Mary Ann and Willis Boatman and Augmented with Accounts by other Overland Travelers /
|c by Weldon Willis Rau.
|
| 264 |
|
1 |
|a Pullman :
|b Washington State University Press,
|c 2001.
|
| 264 |
|
3 |
|a Baltimore, Md. :
|b Project MUSE,
|c 2021
|
| 264 |
|
4 |
|c ©2001.
|
| 300 |
|
|
|a 1 online resource (256 pages):
|b illustrations, maps ;
|
| 336 |
|
|
|a text
|b txt
|2 rdacontent
|
| 337 |
|
|
|a computer
|b c
|2 rdamedia
|
| 338 |
|
|
|a online resource
|b cr
|2 rdacarrier
|
| 500 |
|
|
|a Text based primarily on the diaries of Mary Ann and Willis Boatman augmented with accounts by other overland travelers.
|
| 505 |
0 |
|
|a Leaving home -- Across the wide Missouri -- Cholera -- Platte River Valley -- On to Fort Laramie -- Child's Cutoff -- Sweetwater Valley -- Sublette Cutoff -- Bear River to Fort Hall -- Along the Snake -- Blue Mountains -- At last The Dalles -- Final effort -- Pioneering.
|
| 520 |
|
|
|a The 1852 overland migration was the largest on record, with numbers swelled by Oregon-bound settlers as well as hordes of gold-seekers destined for California. It also was a year in which cholera took a terrible toll in lives. Included here are firsthand accounts of this fateful year, including the words and thoughts of a young married couple, Mary Ann and Willis Boatman.
|
| 588 |
|
|
|a Description based on print version record.
|
| 600 |
1 |
7 |
|a Boatman, Mary Ann.
|2 fast
|0 (OCoLC)fst00456771
|
| 600 |
1 |
7 |
|a Boatman, Willis.
|2 fast
|0 (OCoLC)fst00456772
|
| 600 |
1 |
0 |
|a Boatman, Willis
|v Diaries.
|
| 600 |
1 |
0 |
|a Boatman, Mary Ann
|v Diaries.
|
| 650 |
|
7 |
|a Frontier and pioneer life.
|2 fast
|0 (OCoLC)fst00935370
|
| 650 |
|
7 |
|a Overland journeys to the Pacific.
|2 fast
|0 (OCoLC)fst01049347
|
| 650 |
|
7 |
|a Pioneers.
|2 fast
|0 (OCoLC)fst01064447
|
| 650 |
|
7 |
|a Travel.
|2 fast
|0 (OCoLC)fst01155558
|
| 650 |
|
0 |
|a Pioneers
|z West (U.S.)
|v Biography.
|
| 650 |
|
0 |
|a Frontier and pioneer life
|z West (U.S.)
|
| 650 |
|
0 |
|a Overland journeys to the Pacific.
|
| 651 |
|
7 |
|a United States
|z Oregon National Historic Trail.
|2 fast
|0 (OCoLC)fst01289519
|
| 651 |
|
7 |
|a West United States.
|2 fast
|0 (OCoLC)fst01243255
|
| 651 |
|
0 |
|a West (U.S.)
|v Biography.
|
| 651 |
|
0 |
|a West (U.S.)
|x History
|y 1848-1860.
|
| 651 |
|
0 |
|a West (U.S.)
|x Description and travel.
|
| 651 |
|
0 |
|a Oregon National Historic Trail
|x History.
|
| 655 |
|
7 |
|a History.
|2 fast
|0 (OCoLC)fst01411628
|
| 655 |
|
7 |
|a Diaries.
|2 fast
|0 (OCoLC)fst01423794
|
| 655 |
|
7 |
|a Biographies.
|2 fast
|0 (OCoLC)fst01919896
|
| 655 |
|
7 |
|a Electronic books.
|2 local
|
| 700 |
1 |
|
|a Boatman, Willis.
|
| 700 |
1 |
|
|a Boatman, Mary Ann.
|
| 710 |
2 |
|
|a Project Muse.
|e distributor
|
| 830 |
|
0 |
|a Book collections on Project MUSE.
|
| 856 |
4 |
0 |
|z Texto completo
|u https://projectmuse.uam.elogim.com/book/82089/
|
| 945 |
|
|
|a Project MUSE - Custom Collection
|